Score 0/34 Timer 03:00
0 Plays Today
Hint 4-Letter Word % Correct
Not fatTHIN
98%
Not that!THIS
96.3%
Protective outerwear from coldCOAT
89.8%
Work supervisorBOSS
88.4%
Protective water-filled ditchMOAT
86.5%
Face bottomCHIN
86.2%
Constrictor snakesBOAS
86.1%
Low pitched stringed instrumentBASS
85.8%
Edible animal fleshMEAT
84.5%
Colored eye partIRIS
80.3%
Actor's partROLE
79.3%
Inhabitant of the U.K.BRIT
77.2%
Talk lightlyCHAT
76.8%
Small noteCHIT
73%
Circumcision ceremonyBRIS
70.6%
Fancy flower potVASE
68.9%
Low sound of lamentationMOAN
67.7%
Hint 4-Letter Word % Correct
No good!MEAN
66.2%
Large extinct flightless birds of New ZealandMOAS
64.9%
No good!BASE
64.3%
Very very dry champagneBRUT
63.3%
Boxing matchBOUT
62%
Leave outOMIT
60.7%
Clamping tool (in the U.S.)VISE
60.4%
IrritateRILE
59.2%
Wading birdIBIS
58.2%
Death noticeOBIT
57.9%
Give offEMIT
57.8%
Disastrous defeatROUT
53.4%
No good!VILE
53.2%
Wide Japanese sashesOBIS
52.2%
Debauched manROUÉ
48.7%
First Best Actor Oscar winner, ____ JanningsEMIL
38.6%
No good!EVIL
36.4%

Today's Daily Dose

Remove Ads.
Support Sporcle.
Get the best of Sporcle when you Go Orange. This ad-free experience offers more features, more stats, and more fun while also helping to support Sporcle. Thank you for becoming a member.

You're not logged in!

Compare scores with friends on all Sporcle quizzes.
OR
Log In

Show Comments

Extras

Top Quizzes Today


Score Distribution

Your Account Isn't Verified!

In order to create a playlist on Sporcle, you need to verify the email address you used during registration. Go to your Sporcle Settings to finish the process.

Report this User

Report this user for behavior that violates our Community Guidelines.

Details: